Načítá se...

Going online,CD-ROM and the internet

Podrobná bibliografie
Hlavní autor: Bradley, Phil
Médium: Printed Book
Jazyk:Undetermined
Vydáno: London The Association For Information Management 1997
Vydání:10th ed.
LEADER 00584nam a2200157Ia 4500
008 161229s9999 xx 000 0 und d
020 |a 0851423914 
082 |a 004.53 BRA/GO 
100 |a Bradley, Phil  
245 |a Going online,CD-ROM and the internet 
250 |a 10th ed. 
260 |b The Association For Information Management  |a London  |c 1997 
300 |a viii, 182 
942 |c BK 
999 |c 150518  |d 150518 
952 |0 0  |1 0  |4 0  |6 004_530000000000000_BRAGO  |7 0  |9 149560  |a KAUCLV  |b KAUCLV  |d 2016-12-29  |o 004.53 BRA/GO  |p 901827  |r 2016-12-29  |w 2016-12-29  |y BK  |z Book transferred from CCBM Library ,Acc.No:8017